=LDR 00000nam 2200000 4500 =001 INLIS000000000013370 =005 20170908080507 =035 ##$$a 0010-061300000013370 =008 170908###########################0###### =041 ##$$a Ind =082 ##$$a 632.3 =090 ##$$a 632.3, Jaf d =100 ##$$a Jafarudin =245 1#$$a Dasar-dasar pengendalian penyakit tanaman, Jafaruddin =260 ##$$a 2000 :$b Jakarta =300 ##$$a hlm.263-270 =650 ##$$a Tanaman - Penyakit =850 ##$$a NBPNMAT =020 ##$$a 979-526-233-5 =084 ##$$a 632.3 JAF d 4 =250 ##$$a 1 =990 ##$$a 1047110471 =990 ##$$a 01201710471